|
|
|
|
| LEADER |
00000nam a2200000 a 4500 |
| 001 |
vtls001217173 |
| 003 |
SK-MaSNL |
| 005 |
20260413122125.0 |
| 008 |
250414s1990 xo 0 slo |
| 035 |
|
|
|a SNK000160271
|
| 040 |
|
|
|a SNK
|b slo
|c SNK
|e AACR2
|
| 041 |
0 |
|
|a slo
|
| 044 |
|
|
|a xo
|c SK
|
| 080 |
|
|
|a 323.1(437.6)"1821/1834":82.0
|2 1981
|
| 080 |
|
|
|a 82.0
|2 1981
|
| 100 |
1 |
|
|a Horváth, Pavel,
|d 1926-1999
|4 aut
|9 13541
|
| 245 |
1 |
0 |
|a Zbytočný pokus o revíziu autorstva slovenských národných obrán z rokov 1821-1834.
|c Pavel Horváth
|
| 260 |
|
|
|a B.m.
|b b.v.
|c 1990
|e S.l.b.t.
|f b.t.
|
| 300 |
|
|
|a S. 56-93
|c 24 cm
|
| 500 |
|
|
|a Odtlačok z: Historický časopis, 38, 1, 1990; S venovaním autora
|
| 852 |
|
|
|a Slovenská národná knižnica
|
| 954 |
|
|
|a Slovenské národné obrany (spis)
|a autorstvo
|
| 958 |
|
|
|a OND
|
| 999 |
|
|
|c 796752
|d 798682
|
| 952 |
|
|
|a SNK
|b SNK
|y VYP
|7 0
|p 17A0623913
|o snkOSC 16854 D1
|i snk2009/10951
|8 1
|0 0
|1 0
|4 0
|d 2009-06-16
|l 0
|r 2026-02-24 01:55:36
|w 2026-02-24
|